000 00758nam a2200205 4500
001 116335
003 ES-MaACL
005 20230906190703.0
007 t|
008 061121s1980 sp r ||||1| spa d
100 1 _aPattaro, Enrico.
_989603
245 1 0 _aFilosofía del Derecho
_b: Derecho y ciencia jurídica /
_cEnrico Pattaro ; traducción con notas de la primera edición italiana por José Iturmendi Morales.
260 _aMadrid :
_bReus,
_c1980.
300 _a399 p. ;
_c21 cm.
490 1 _aBiblioteca jurídica de autores españoles y extranjeros
700 1 _aIturmendi Morales, José.
_965624
830 0 _aBiblioteca jurídica de autores españoles y extranjeros
_9182228
852 _aES-MaACL
_jA-10888
_bR.100242
999 _c116335
_d116335